[Event "ST-2022-0-00218"]
[Site "LSS email"]
[Date "2022.04.04"]
[Round "?"]
[White "Mueller Alves, Martin"]
[Black "Slawinski, Tomasz"]
[Result "1/2-1/2"]
[WhiteElo "2421"]
[BlackElo "2308"]
[PlyCount "75"]
[EventDate "2022.02.18"]
[EventType "tourn (corr)"]
[EventRounds "6"]
[EventCountry "GER"]
[SourceTitle "Corr 2024"]
[Source "ChessBase"]
[SourceDate "2023.10.19"]
[SourceVersion "1"]
[SourceVersionDate "2023.10.19"]
[SourceQuality "1"]

1. e4 c5 2. Nf3 d6 3. d4 cxd4 4. Nxd4 Nf6 5. Nc3 a6 6. h3 e5 7. Nde2 h5 8. Be3 Be6 9. Nd5 Bxd5 10. exd5 Qa5+ 11. Nc3 Nbd7 12. Qd2 Be7 13. Be2 Bd8 14. 0-0 Bb6 15. Rab1 Bxe3 16. fxe3 0-0 17. Bd3 Rac8 18. e4 Qd8 19. Nd1 h4 20. Qg5 Nc5 21. Re1 Qe7 22. Qxh4 Nxd5 23. Qg3 Nf4 24. Kh2 Qf6 25. Ne3 Nh5 26. Nd5 Nxg3 27. Nxf6+ gxf6 28. Kxg3 Rfd8 29. b4 Nxd3 30. cxd3 Rc2 31. Rf1 Kg7 32. Rf2 Rdc8 33. Rb2 Rxb2 34. Rxb2 Rc3 35. Rb3 Rc2 36. a4 f5 37. Kf3 f4 38. a5 1/2-1/2

[Event "ST-2022-0-00218"]
[Site "LSS email"]
[Date "2022.04.04"]
[Round "?"]
[White "Simmelink, Joop"]
[Black "Slawinski, Tomasz"]
[Result "1/2-1/2"]
[WhiteElo "2462"]
[BlackElo "2308"]
[PlyCount "35"]
[EventDate "2022.02.18"]
[EventType "tourn (corr)"]
[EventRounds "6"]
[EventCountry "GER"]
[SourceTitle "Corr 2024"]
[Source "ChessBase"]
[SourceDate "2023.10.19"]
[SourceVersion "1"]
[SourceVersionDate "2023.10.19"]
[SourceQuality "1"]

1. e4 c5 2. Nf3 d6 3. d4 cxd4 4. Nxd4 Nf6 5. Nc3 a6 6. Bg5 Nbd7 7. Qe2 h6 8. Bh4 g6 9. f4 e5 10. fxe5 dxe5 11. 0-0-0 Qc7 12. Nb3 b5 13. Rxd7 Nxd7 14. Nd5 Qb8 15. Na5 Bg7 16. Qf3 0-0 17. Be7 Re8 18. Nc6 1/2-1/2

[Event "ST-2020-0-00169"]
[Site "LSS email"]
[Date "2020.11.09"]
[Round "?"]
[White "Slawinski, Tomasz"]
[Black "Khlopov, Sergej"]
[Result "1/2-1/2"]
[WhiteElo "2312"]
[BlackElo "2327"]
[PlyCount "53"]
[EventDate "2020.09.28"]
[EventType "tourn (corr)"]
[EventRounds "6"]
[EventCountry "GER"]
[SourceTitle "Corr 2022"]
[Source "ChessBase"]
[SourceDate "2021.10.24"]
[SourceVersion "1"]
[SourceVersionDate "2021.10.24"]
[SourceQuality "1"]

1. e4 c5 2. Nf3 Nc6 3. d4 cxd4 4. Nxd4 Nf6 5. Nc3 e5 6. Ndb5 d6 7. Nd5 Nxd5 8. exd5 Nb8 9. a4 Be7 10. Be2 0-0 11. 0-0 Nd7 12. Kh1 f5 13. f4 a6 14. Na3 exf4 15. Bxf4 Nc5 16. Nc4 a5 17. Qd2 b6 18. Rae1 Ba6 19. Na3 Ne4 20. Qe3 Bxe2 21. Rxe2 Qd7 22. b3 g5 23. Bg3 Rae8 24. Qd3 Bf6 25. Nb5 Nxg3+ 26. hxg3 Rxe2 27. Qxe2 1/2-1/2

[Event "ST-2020-0-00169"]
[Site "LSS email"]
[Date "2020.11.09"]
[Round "?"]
[White "Slawinski, Tomasz"]
[Black "Koch, Christian"]
[Result "1/2-1/2"]
[WhiteElo "2312"]
[BlackElo "2357"]
[PlyCount "42"]
[EventDate "2020.09.28"]
[EventType "tourn (corr)"]
[EventRounds "6"]
[EventCountry "GER"]
[SourceTitle "Corr 2022"]
[Source "ChessBase"]
[SourceDate "2021.10.24"]
[SourceVersion "1"]
[SourceVersionDate "2021.10.24"]
[SourceQuality "1"]

1. e4 e5 2. Nf3 Nc6 3. Bc4 Bc5 4. c3 Nf6 5. d3 d6 6. 0-0 0-0 7. Re1 a5 8. h3 h6 9. Nbd2 Be6 10. Bb5 Qb8 11. Nf1 Qa7 12. Re2 a4 13. Ng3 Qa5 14. Bxc6 bxc6 15. Nh4 Rfe8 16. Re1 Kh7 17. Qf3 Qb6 18. Nhf5 Ng8 19. Nh5 Bxf2+ 20. Qxf2 Qxf2+ 21. Kxf2 g6 1/2-1/2

[Event "RM-2020-0-00226"]
[Site "LSS email"]
[Date "2020.10.30"]
[Round "?"]
[White "Slawinski, Tomasz"]
[Black "Sorcinelli, Andrea"]
[Result "1/2-1/2"]
[WhiteElo "2312"]
[BlackElo "2318"]
[PlyCount "38"]
[EventDate "2020.10.20"]
[EventType "tourn (corr)"]
[EventRounds "6"]
[EventCountry "GER"]
[SourceTitle "Corr 2022"]
[Source "ChessBase"]
[SourceDate "2021.10.24"]
[SourceVersion "1"]
[SourceVersionDate "2021.10.24"]
[SourceQuality "1"]

1. c4 e5 2. g3 Nf6 3. Bg2 d5 4. cxd5 Nxd5 5. Nf3 Nc6 6. 0-0 Nb6 7. b3 Be6 8. Bb2 f6 9. Nc3 Qd7 10. Qc1 Nd5 11. d4 Nxc3 12. Qxc3 exd4 13. Qc1 Bh3 14. Rd1 0-0-0 15. Nxd4 Bxg2 16. Kxg2 Qd5+ 17. f3 Nxd4 18. Bxd4 Qe6 19. Qc2 Ba3 1/2-1/2